Statistiche per Popolazione dei Paesi - Est o Ovest?

Clicka qui per fare il quiz!

Statistiche generali

  • Questo quiz è stato fatto 1.813 volte
  • Il punteggio medio è 10 su 15

Statistiche sulle risposte

DomandaRisposta% Corretto
CinaEst
92%
PortogalloOvest
85%
PeruOvest
82%
AustraliaEst
81%
SenegalOvest
80%
GermaniaOvest
76%
PakistanEst
73%
RussiaOvest
67%
BrasileEst
66%
TurchiaOvest
63%
ArgentinaEst
60%
Stati UnitiEst
59%
IrlandaEst
56%
DanimarcaEst
55%
SiriaOvest
53%

Distribuzione punteggi

Percentile per numero di risposta

Percentuale di utenti per punteggio

I tuoi punteggi nel tempo

Non hai fatto questo quiz